[Event "AUTO-OPEN-1176"]
[Site "http://www.queenalice.com/game.php?id=423920"]
[Date "2008.6.27"]
[Round "1"]
[White "waganso"]
[Black "what"]
[Result "0-1"]
[WhiteElo "1353"]
[BlackElo "1572"]

1. b3 f6 2. Bb2 Nh6 3. f3 g5 4. e4 e5 5. d4 c6 6. d5 c5 7. c4 d6 8. Na3 a6 9. f4
gxf4 10. Nf3 Ng4 11. Qd2 Rg8 12. h3 Ne3 13. Nc2 Nxf1 14. Rxf1 h5 15. O-O-O b5
16. cxb5 axb5 17. a3 Ba6 18. b4 c4 19. Nh4 Rh8 20. Ng6 Rh7 21. g4 hxg4 22. hxg4
Bh6 23. Qh2 Bc8 24. Qh4 Qd7 25. Qxf6 Rf7 26. Qh8+ Rf8 27. Qxh6 Qf7 28. Qxf8+
Qxf8 29. Nxf8 Kxf8 30. g5 Nd7 31. g6 Kg7 32. Rg1 Nf6 0-1

[Event "AUTO-OPEN-1176"]
[Site "http://www.queenalice.com/game.php?id=423921"]
[Date "2008.6.27"]
[Round "1"]
[White "what"]
[Black "waganso"]
[Result "1-0"]
[WhiteElo "1550"]
[BlackElo "1509"]

1. a4 e5 2. e3 Nf6 3. c3 d5 4. b4 c5 5. b5 d4 6. Bc4 g6 7. Nf3 Bd6 8. Ng5 O-O 9.
Bb2 Qe7 10. O-O Ng4 11. Nxf7 Rxf7 12. cxd4 exd4 13. Bxf7+ Kxf7 14. g3 dxe3 15.
fxe3+ Bf5 16. Qxg4 Qe6 17. Qe2 Nd7 18. Nc3 Qb3 19. Rxf5+ gxf5 20. Qh5+ Ke7 21.
Qxh7+ Kf6 22. Qxd7 Qxb2 23. Qxd6+ Kg5 24. h4+ Kg4 25. Qf4+ Kh3 26. Rf1 Qxd2 27.
Qxf5+ Kxg3 28. Qg5+ Kh3 29. Rf3# 1-0

[Event "AUTO-OPEN-1176"]
[Site "http://www.queenalice.com/game.php?id=423946"]
[Date "2008.6.27"]
[Round "1"]
[White "what"]
[Black "CampbellMarcel"]
[Result "1-0"]
[WhiteElo "1540"]
[BlackElo "1391"]

1. e4 d5 2. Bd3 dxe4 3. Bxe4 c6 4. Nf3 Bg4 5. O-O Nf6 6. Qe2 Nxe4 7. Qxe4 f5 8.
Qf4 Qd5 9. Nc3 Qd6 10. d3 Qxf4 11. Bxf4 Bxf3 12. gxf3 Nd7 13. Rfe1 Kf7 14. h4 e5
15. Bg5 h6 16. Bd2 f4 17. a4 Be7 18. h5 Bd6 19. Ne4 Bc7 20. a5 Nf6 21. Nxf6 Kxf6
22. a6 b6 23. Kg2 Rag8 24. Bc3 Re8 25. Ra4 b5 26. Rxf4+ Kg5 27. Rg4+ Kf6 28. b4
Re7 29. Rg6+ Kf7 30. Rxc6 Bb8 31. d4 exd4 32. Rxe7+ Kxe7 33. Bxd4 Kd7 34. Rc5
Bd6 35. Rxb5 Kc6 36. Rb7 Rg8 37. Rxa7 Bxb4 38. Rb7 Bd6 39. Rb6+ Kd5 40. a7 Bc5
41. Ra6 Ra8 42. Bxg7 Bxa7 43. Bxh6 Rg8+ 44. Kf1 Bd4 45. Ra5+ Kc4 46. Ra4+ Kc3
47. f4 Rh8 48. Ra6 Kxc2 49. Ke2 Re8+ 50. Kf3 Kd3 51. f5 Re5 52. Kf4 Re4+ 53. Kg5
Bxf2 54. Ra3+ Ke2 55. Kg6 Rg4+ 56. Kf6 Bd4+ 57. Ke6 Bc5 58. Rc3 Bb4 59. Rb3 Re4+
60. Kd5 Rh4 61. Rb2+ 1-0

[Event "AUTO-OPEN-1176"]
[Site "http://www.queenalice.com/game.php?id=423947"]
[Date "2008.6.27"]
[Round "1"]
[White "CampbellMarcel"]
[Black "what"]
[Result "1-0"]
[WhiteElo "1802"]
[BlackElo "1546"]

1. e4 d5 2. exd5 Qxd5 3. Nc3 Qc6 4. Bb5 Qxb5 5. Nxb5 c6 6. Nc7+ Kd7 7. Nxa8 e6
8. Qe2 Nf6 9. Qe5 Bd6 10. Qc3 g6 11. Nf3 b5 12. Nd4 Bb7 13. O-O Bxa8 14. Re1 Ng4
15. g3 b4 16. Qd3 c5 17. Nb5 Bd5 18. Nxa7 Ne5 19. Qb5+ Bc6 20. Nxc6 Nbxc6 21. d3
Nf3+ 22. Kf1 Nxh2+ 23. Kg2 Ng4 24. f3 Ne5 25. Qb7+ Bc7 26. Bf4 Rb8 27. Qxc7+
Kxc7 28. Bxe5+ Nxe5 29. Rxe5 Kd6 30. f4 f6 31. Re3 h5 32. Rae1 Re8 33. Kf3 Kd5
34. c4+ bxc3 35. bxc3 e5 36. fxe5 f5 37. c4+ Kd4 38. e6 g5 39. Re5 Kxd3 40. Rxf5
g4+ 41. Kf4 Kxc4 42. Rxh5 Kd4 43. Kxg4 c4 44. Rd1+ Kc3 45. Kf5 Kc2 46. Re1 c3
47. Kf6 Kd2 48. Kf7 Kxe1 49. Kxe8 c2 50. Rc5 Kd1 51. Rxc2 Kxc2 52. Kd8 Kd3 53.
e7 1-0

[Event "AUTO-OPEN-1176"]
[Site "http://www.queenalice.com/game.php?id=423948"]
[Date "2008.6.27"]
[Round "1"]
[White "what"]
[Black "westchessdf"]
[Result "0-1"]
[WhiteElo "1565"]
[BlackElo "1191"]

1. d4 g6 2. d5 Nf6 3. c4 Bg7 4. Bg5 Ne4 5. Bh4 Bxb2 6. Qc2 Bxa1 7. Qxe4 O-O 8.
Nh3 d6 9. Bxe7 Re8 10. Bxd8 Rxe4 11. Bxc7 Rxc4 12. Bxb8 Rxb8 13. Na3 Ra4 14. Nb5
Bxh3 15. gxh3 Rxa2 16. Nxd6 Rd8 17. Nxb7 Rb8 18. f3 Rxb7 19. f4 Bd4 20. e3 Rb1#
0-1

[Event "AUTO-OPEN-1176"]
[Site "http://www.queenalice.com/game.php?id=423949"]
[Date "2008.6.27"]
[Round "1"]
[White "westchessdf"]
[Black "what"]
[Result "1-0"]
[WhiteElo "1479"]
[BlackElo "1565"]

1. Nf3 e6 2. d4 Nf6 3. Nc3 d5 4. Bg5 h6 5. Bxf6 gxf6 6. e4 Qe7 7. exd5 exd5+ 8.
Qe2 Be6 9. O-O-O a6 10. g3 c6 11. Bg2 Nd7 12. Nd2 O-O-O 13. f4 f5 14. Rhe1 Bg7
15. Nb3 h5 16. h3 Nf6 17. Nc5 Rd6 18. N3a4 Qc7 19. Rd3 Nd7 20. Rb3 Nxc5 21. dxc5
d4 22. cxd6 Qxd6 23. Nb6+ Kc7 24. Nc4 Bxc4 25. Qxc4 Rf8 26. Rd3 b5 27. Qb3 Bf6
28. c3 c5 29. cxd4 c4 30. Qc2 Kb8 31. Rdd1 Ka7 32. Qxf5 c3 33. Qc5+ Qxc5 34.
dxc5 cxb2+ 35. Kb1 b4 36. Rd7+ Kb8 37. Bd5 Kc8 38. Rxf7 Rxf7 39. Bxf7 Kc7 40.
Re6 Bc3 41. c6 a5 42. Be8 a4 43. Bxh5 a3 44. f5 Bd2 45. f6 Kb6 46. f7 Kc5 47.
f8=Q+ Kc4 48. Be2+ Kd5 49. Qd6# 1-0

[Event "Challenge"]
[Site "http://www.queenalice.com/game.php?id=429629"]
[Date "2008.7.8"]
[Round "-"]
[White "RicardoFialho"]
[Black "what"]
[Result "1-0"]
[WhiteElo "1619"]
[BlackElo "1579"]

1. e4 d5 2. exd5 Qxd5 3. Nc3 Qa5 4. Nf3 e6 5. a3 c6 6. d4 h6 7. Bd2 Qb6 8. Rb1
Bd6 9. Bd3 Nd7 10. Be3 Qc7 11. Ne2 Ngf6 12. h3 Nd5 13. Bd2 Nf4 14. Nxf4 Bxf4 15.
Bxf4 Qxf4 16. O-O O-O 17. Re1 a6 18. c3 Rb8 19. Re4 Qc7 20. Rg4 b5 21. Qd2 Nf6
22. Qxh6 Nxg4 23. Qh7# 1-0

[Event "Challenge"]
[Site "http://www.queenalice.com/game.php?id=476532"]
[Date "2008.10.12"]
[Round "-"]
[White "csegura"]
[Black "what"]
[Result "0-1"]
[WhiteElo "1373"]
[BlackElo "1564"]

1. d4 c5 2. dxc5 Qa5+ 3. Bd2 Qxc5 4. Nc3 e6 5. Be3 Qb4 6. Qd4 Qxb2 7. Nb1 Qxc2
8. Nf3 Nc6 9. Qd2 Bb4 10. Nc3 Bxc3 11. Rc1 Qxc1# 0-1

[Event "Challenge"]
[Site "http://www.queenalice.com/game.php?id=510941"]
[Date "2008.12.21"]
[Round "-"]
[White "csegura"]
[Black "what"]
[Result "0-1"]
[WhiteElo "1398"]
[BlackElo "1577"]

1. e4 d5 2. exd5 Qxd5 3. c3 c6 4. d4 Qe4+ 5. Qe2 Bf5 6. Nd2 Qd5 7. c4 Qxd4 8.
Ndf3 Qc5 9. a3 Na6 10. Ne5 f6 11. Nef3 Rd8 12. Be3 Qa5+ 13. Bd2 Qc5 14. Nh4 Bd3
15. Qh5+ Qxh5 16. g3 Bxf1 17. Kxf1 Rxd2 18. f3 Rxb2 19. Rd1 g5 20. g4 Qxh4 21.
Ne2 e5 22. Nc3 Qf2# 0-1

[Event "Challenge"]
[Site "http://www.queenalice.com/game.php?id=517277"]
[Date "2009.1.5"]
[Round "-"]
[White "Poirot"]
[Black "what"]
[Result "1-0"]
[WhiteElo "1937"]
[BlackElo "1586"]

1. e4 d5 2. exd5 Qxd5 3. Nc3 Qe5+ 4. Be2 Nc6 5. Nf3 Qe6 6. O-O g6 7. d4 Qf5 8.
d5 Nb4 9. Nd4 Qf6 10. Bd2 Qxd4 11. Nb5 Qc5 12. Bxb4 Qxb4 13. Nxc7+ Kd8 14. Nxa8
Qxb2 15. c4 Nf6 16. c5 Ne4 17. c6 Nd2 18. c7+ Kd7 19. Bg4+ Kd6 20. Re1 Bg7 21.
Bxc8 Rxc8 22. Qg4 Rxa8 23. c8=Q Rxc8 24. Qxc8 Kxd5 25. Red1 Ke4 26. Qg4+ Ke5 27.
Qe2+ Kf5 28. Qxd2 Qxd2 29. Rxd2 Bxa1 30. Rd7 Kf6 31. Rxb7 e5 32. Rxa7 h5 33. a4
Bd4 34. Rb7 h4 35. a5 Ke6 36. a6 f5 37. a7 Bxa7 38. Rxa7 f4 39. Ra4 g5 40. h3
Kf5 41. f3 Ke6 42. Kf2 Kd5 43. Ra5+ Kd4 44. Ra8 e4 45. fxe4 Kxe4 46. Rf8 Ke5 47.
Kf3 Ke6 48. Kg4 Ke5 49. Kxg5 1-0

[Event "what X Poirot"]
[Site "http://www.queenalice.com/game.php?id=518207"]
[Date "2009.1.6"]
[Round "-"]
[White "what"]
[Black "Poirot"]
[Result "0-1"]
[WhiteElo "1579"]
[BlackElo "1927"]

1. e4 e5 2. c3 Nf6 3. Nh3 Nxe4 4. Qe2 d5 5. f3 Nf6 6. Qxe5+ Be7 7. d4 O-O 8. Be2
Re8 9. Bf4 Bd6 10. Qg5 Qe7 11. Be5 Bxe5 12. O-O Bxd4+ 13. cxd4 Bxh3 14. gxh3
Qxe2 15. Nc3 Qe3+ 16. Qxe3 Rxe3 17. a4 Nc6 18. Nb5 Rc8 19. h4 a6 20. Nc3 Nxd4
21. Kg2 c6 22. Nd1 Re2+ 23. Rf2 Rxf2+ 24. Nxf2 h5 25. Kg3 c5 26. Kf4 c4 27. Ke5
Nxf3+ 28. Kf4 Nxh4 29. Nd1 d4 30. Ra3 d3 31. h3 Nd5+ 32. Kg5 Ng6 33. Kxh5 Re8
34. b3 cxb3 35. Rxb3 b5 36. axb5 axb5 37. Rxd3 Ndf4+ 38. Kg5 Nxd3 39. h4 Re5+
40. Kg4 Re4+ 0-1

[Event "Challenge"]
[Site "http://www.queenalice.com/game.php?id=531400"]
[Date "2009.1.29"]
[Round "-"]
[White "kisly"]
[Black "what"]
[Result "0-1"]
[WhiteElo "1218"]
[BlackElo "1627"]

1. e4 e6 2. Nc3 Bc5 3. Nf3 Nf6 4. d4 Bb4 5. Bd2 Bxc3 6. bxc3 Nxe4 7. Bc1 Nxc3 8.
Qd2 Ne4 9. Qd3 Nxf2 10. Kxf2 c6 11. Qa3 d5 12. Bg5 f6 13. Bh4 h6 14. Bd3 g5 15.
Bg3 a6 16. Rab1 f5 17. Be5 Rh7 18. h4 Nd7 19. hxg5 Nxe5 20. Rxh6 Nxd3+ 21. Qxd3
Rxh6 22. gxh6 Kd7 0-1

[Event "AUTO-INT-1260"]
[Site "http://www.queenalice.com/game.php?id=566430"]
[Date "2009.4.3"]
[Round "1"]
[White "what"]
[Black "karpovl"]
[Result "1-0"]
[WhiteElo "1608"]
[BlackElo "1693"]

1. Nc3 e5 2. e4 c6 3. h4 Bc5 4. Qf3 Qf6 5. Bc4 Nh6 6. d3 d6 7. Bg5 Qxf3 8. Nxf3
Ng4 9. h5 Bxf2+ 10. Kf1 Bd4 11. h6 Ne3+ 12. Ke2 Nxc2 13. hxg7 Rg8 14. Bh6 Nxa1
15. Rxa1 Bg4 16. Rh1 Nd7 17. Kd2 O-O-O 18. Ng5 Kb8 19. Nxf7 Rde8 20. Nxd6 Re7
21. Bxg8 Nf6 22. Bxh7 Be6 23. Rf1 Nxh7 24. Rf3 Kc7 25. Nf5 Re8 26. Nxd4 exd4 27.
Ne2 Bg4 28. Rf7+ Kb6 29. Nxd4 Be6 30. Nxe6 Rxe6 31. g8=Q Rxh6 32. Rxh7 Rxh7 33.
Qxh7 1-0

[Event "AUTO-INT-1260"]
[Site "http://www.queenalice.com/game.php?id=566432"]
[Date "2009.4.3"]
[Round "1"]
[White "what"]
[Black "william_1987br"]
[Result "0-1"]
[WhiteElo "1638"]
[BlackElo "1501"]

1. c3 d5 2. Nf3 Bf5 3. e3 Nc6 4. Bb5 a6 5. Ne5 axb5 6. Nxf7 Kxf7 7. d4 e5 8. O-O
exd4 9. cxd4 Nf6 10. h3 Nb4 11. Nc3 c6 12. Qf3 Nc2 13. Qxf5 Nxa1 14. Bd2 Nc2 15.
Qxc2 b4 16. Ne2 Rxa2 17. Qb3 Qa8 18. Bxb4 b5 19. Nc3 Ra6 20. Re1 Bxb4 21. Qxb4
Ne4 22. Nxe4 dxe4 23. d5 Rd8 24. dxc6 Qxc6 25. Kh2 Qd6+ 26. Qxd6 Raxd6 27. g4
Rd2 28. Kg3 Rxb2 29. Rc1 Rdd2 30. Rc7+ Kg6 31. Kf4 b4 32. h4 h6 33. h5+ Kh7 34.
Kxe4 Rxf2 35. Ke5 Rbe2 36. e4 b3 37. Rc1 b2 38. Rb1 g6 39. hxg6+ Kxg6 40. Kd4
Rc2 41. e5 Rc1 42. Rxb2 Rxb2 43. e6 Rd2+ 44. Ke3 Rd6 45. e7 Re6+ 46. Kd2 Rc7 47.
e8=Q+ Rxe8 48. Kd3 Rd7+ 49. Kc4 Rc8+ 50. Kb5 Rd1 0-1

[Event "AUTO-INT-1260"]
[Site "http://www.queenalice.com/game.php?id=566433"]
[Date "2009.4.3"]
[Round "1"]
[White "william_1987br"]
[Black "what"]
[Result "0-1"]
[WhiteElo "1457"]
[BlackElo "1629"]

1. e4 d5 2. f3 h5 3. Nc3 dxe4 4. Nxe4 c6 5. d4 h4 6. Bf4 Bf5 7. Qd3 e6 8. O-O-O
Rh5 9. g4 hxg3 10. Bxg3 Nf6 11. Be5 Qd5 12. b3 Ba3+ 13. Kb1 Nxe4 14. c4 Nc3+ 15.
Kc2 Bxd3+ 16. Kxd3 Qa5 17. Rd2 Nd7 18. Ne2 Nb1 19. Rd1 Nxe5+ 20. dxe5 Rxe5 21.
f4 Rxe2 22. Bxe2 Rd8+ 23. Ke3 Qc5+ 24. Kf3 Nc3 25. Rd3 Nxe2 26. Kxe2 Qh5+ 27.
Kd2 Bb4+ 28. Ke3 Qh3+ 29. Ke2 Qxd3+ 30. Kf2 Bc5+ 31. Kg2 Qd2+ 32. Kh3 Qxf4 33.
Rg1 Bxg1 34. a4 Rd4 35. Kg2 Qxh2+ 36. Kf3 e5 37. c5 Rf4# 0-1